Die Indiengeschichte des Rašid ad-Dīn : Einleitung, vollständige Übersetzung, Kommentar und 80 Texttafeln /

محفوظ في:

المؤلف الرئيسي: Rashīd al-Dīn Ṭabīb, 1247?-1318 (مؤلف)

مؤلفون آخرون: Jahn, Karl, 1906-1985.

التنسيق: كتاب

اللغة: German
Pahlavi

منشور في: Wien : Verlag der Österreichischen Akademie der Wissenschaften, 1980.

سلاسل: Denkschriften (Österreichische Akademie der Wissenschaften. Philosophisch-Historische Klasse) ; 144.
Veröffentlichungen der Iranischen Kommission ; 8.

الموضوعات:

الوسوم: إضافة وسم

لا توجد وسوم, كن أول من يضع وسما على هذه التسجيلة!

رقم الطلب: DS421 .R23 1980

LEADER 01322namaa2200325 4500
001 22802
003 OSt
005 20250513114200.0
008 130303s1980 au f b 001 0 ger d
040 |c ARCE Library 
041 1 |a ger  |h pal 
043 |a a-ii--- 
050 4 |a DS421 .R23 1980 
100 1 |a Rashīd al-Dīn Ṭabīb,  |d 1247?-1318,  |e author 
240 1 0 |a Jāmiʻ al-tavārīkh.  |l German.  |k Selections 
245 1 4 |a Die Indiengeschichte des Rašid ad-Dīn :   |b Einleitung, vollständige Übersetzung, Kommentar und 80 Texttafeln /   |c Karl Jahn.  |h   
264 1 |a Wien :   |b Verlag der Österreichischen Akademie der Wissenschaften,   |c 1980. 
300 |a 118 pages :   |b 80 pages of plates ;   |c 30 cm. 
490 1 |a Denkschriften (Österreichische Akademie der Wissenschaften. Philosophisch-Historische Klasse) ;   |v 144. 
490 1 |a Veröffentlichungen der iranischen Kommission ;   |v 8. 
500 |a Includes index. 
504 |a Bibliography : p. 105-107. 
651 0 |a India  |x Description and travel. 
651 0 |a India  |x History. 
700 1 |a Jahn, Karl,  |d 1906-1985. 
830 0 |a Denkschriften (Österreichische Akademie der Wissenschaften. Philosophisch-Historische Klasse) ;   |v 144. 
830 0 |a Veröffentlichungen der Iranischen Kommission ;   |v 8. 
901 |a reviewed 
942 |c BK  |2 lcc 
999 |c 22547  |d 22547